00441nam a2200193Ia 4500003000900000008004100009040001300050040001300063041000800076100002000084245004900104250001100153260002100164260000900185300001000194300001000204490002600214490000700240IT-RoPAU120407s9999 xx 000 0 und d aIT-RoPAU cIT-RoPAU aita aTomas Larranaga aPreghiamo con la Parola nel Tempo di Pasqua. aMilano aEdizioni Paoline c1993 a53 p. c18 cm aComunità€ in ascolto v13